000 00345nam a2200145Ia 4500
005 20251222143139.0
008 251222s9999||||xx |||||||||||||| ||spa||
020 _a987-9208-44-7
082 _a155.41/N25
100 _aNarvarte, Mariana E.
245 0 _aEstimulación y Aprendizaje:
250 _a1a.ed.
264 _bLandeira
942 _cLIB
999 _c12214
_d12214